| 000 | 00848nam a2200205 a 4500 | ||
|---|---|---|---|
| 001 | BRCA_8808 | ||
| 005 | 20190320210423.0 | ||
| 008 | 210417s1768----sp-#######---#000-0#spa-# | ||
| 041 | _alat | ||
| 084 |
_aBE189 _b.J87 1768 |
||
| 245 | 1 | 0 |
_aJustin Febranii JCti de statu ecclesiae et legitima potestate Romani Pontificis _bliber singularis ad reuniendos disidentes in religione christianos compositus |
| 250 | _a3a ed. | ||
| 260 |
_aBullioni _bApud Guillelmun Evrardi _c1768 |
||
| 300 |
_a[50], 756 p. _c22.5 x 15.4 cm. |
||
| 500 | _aEstado físico: presenta encuadernación en pergamino con presencia del pez de plata, cintas rotas, lomo desprendido y algunos cuadernillos sueltos | ||
| 650 | 1 | 4 |
_aIglesia y estado _yObras anteriores a 1800 _921950 |
| 650 | 1 | 4 |
_aLey eclesiástica _yObras anteriores a 1800 _921951 |
| 902 | _aCFM | ||
| 942 |
_2lcc _cB |
||
| 999 |
_c8459 _d8459 |
||